000 00370nam a2200157Ia 4500
008 230917s9999||||xx |||||||||||||| ||und||
040 _e83655
_aMAIN
041 _aEnglish
082 _a301 L627S
100 _aLight, Donald Light
245 0 _aSociology
250 _a2nd ed.
260 _aNew York
_bAlfred A Knopf
_c1979
300 _axviii, 584 p.
942 _cBK
999 _c208466
_d208466